|
|
|
|
| LEADER |
00873nam a2200241 a 4500 |
| 001 |
3753182 |
| 008 |
091107s1983 ilua b 001 0 eng d |
| 010 |
|
|
|a \\\82083420
|
| 020 |
|
|
|a 0256028087
|
| 040 |
|
|
|a DLC
|c DLC
|d DLC
|
| 082 |
0 |
0 |
|a 336
|2 19
|
| 100 |
1 |
|
|a Herber, Bernard P.
|
| 245 |
1 |
0 |
|a Modern public finance /
|c Bernard P. Herber.
|
| 250 |
|
|
|a 5th ed.
|
| 260 |
|
|
|a Homewood, Ill. :
|b R.D. Irwin,
|c 1983.
|
| 300 |
|
|
|a xv, 468 p. :
|b ill. ;
|c 24 cm.
|
| 490 |
0 |
|
|a Irwin publications in economics
|
| 504 |
|
|
|a Includes bibliographical references and index.
|
| 541 |
1 |
|
|e 00008163
|
| 650 |
|
0 |
|a Finance, Public.
|
| 852 |
4 |
|
|a Ayesha Abed Library
|j General shelf
|
| 999 |
|
|
|c 5145
|d 5145
|
| 952 |
|
|
|0 0
|1 0
|2 ddc
|4 0
|6 336_HER_198800000000000
|7 0
|9 4998
|a BRACUL
|b BRACUL
|c GEN
|d 2009-11-07
|g 0.00
|l 0
|o 336 HER
|p 3010008163
|r 2009-11-07
|t 1
|w 2009-11-07
|y BK
|x No price found in the accession register.
|